Poe’s heart and the mountain climber : Exploring the effect of anxiety on our brains and our culture
সংরক্ষণ করুন:
| প্রধান লেখক: | |
|---|---|
| বিন্যাস: | গ্রন্থ |
| ভাষা: | Undetermined |
| প্রকাশিত: |
New York
Random House Audio
2004
|
| বিষয়গুলি: | |
| ট্যাগগুলো: |
ট্যাগ যুক্ত করুন
কোনো ট্যাগ নেই, প্রথমজন হিসাবে ট্যাগ করুন!
|
| Thư viện lưu trữ: | Trung tâm Học liệu Trường Đại học Cần Thơ |
|---|
| LEADER | 00597nam a2200205Ia 4500 | ||
|---|---|---|---|
| 001 | CTU_139612 | ||
| 008 | 210402s9999 xx 000 0 und d | ||
| 020 | |c 6.9 | ||
| 082 | |a 152.46 | ||
| 082 | |b R436/CD.2 | ||
| 100 | |a Restak, Richard M. | ||
| 245 | 0 | |a Poe’s heart and the mountain climber : | |
| 245 | 0 | |b Exploring the effect of anxiety on our brains and our culture | |
| 245 | 0 | |c Richard Restak | |
| 260 | |a New York | ||
| 260 | |b Random House Audio | ||
| 260 | |c 2004 | ||
| 650 | |a Anxiety,Lo âu | ||
| 904 | |i Duy Bằng | ||
| 980 | |a Trung tâm Học liệu Trường Đại học Cần Thơ | ||